000 00685cam a2200205 4500500
005 20260111080257.0
041 _afre
042 _adc
100 1 0 _aBachir Bendaoud, Hamid
_eauthor
245 0 0 _aLe rôle de la comptabilité et la connaissance du patrimoine local
260 _c2018.
500 _a51
690 _acollectivités locales
690 _acomptabilité
690 _aélus locaux
690 _afinances locales
690 _apatrimoine local
786 0 _nGestion & Finances Publiques | 6 | 6 | 2018-11-30 | p. 14-18 | 1969-1009
856 4 1 _uhttps://droit.cairn.info/revue-gestion-et-finances-publiques-2018-6-page-14?lang=fr&redirect-ssocas=7080
999 _c1616090
_d1616090